Statistics for Countries Name in Portuguese

Click here to take the quiz!

General Stats

  • This quiz has been taken 95 times
  • The average score is 16 of 18

Answer Stats

PortugueseEnglish% Correct
PortugalPortugal
100%
MaldivasMaldives
93%
República ChecaCzech Republic
92%
EgitoEgypt
91%
IrãIran
91%
Sudão do SulSouth Sudan
91%
UcrâniaUkraine
91%
BielorrússiaBelarus
90%
Ilhas MarshallMarshall Islands
90%
TurquiaTurkey
90%
ButãoBhutan
89%
MalásiaMalaysia
89%
IémenYemen
89%
GabãoGabon
88%
CamarõesCameroon
84%
Países BaixosNetherlands
80%
QuéniaKenya
78%
QuirguistãoKyrgyzstan
78%

Score Distribution

Percentile by Number Answered

Percent of People with Each Score

Your Score History

You have not taken this quiz